Geography Quiz

Random Geography or World Quiz

Border Chain Minefield IV Quiz Stats

Quiz Updated Jul 18, 2016

Challenge
Share
Tweet
Embed
Score 0/40 Timer 05:00
16 Plays Today
% Correct
???
100%
???
96.7%
???
74.6%
???
63.2%
???
62%
???
56.2%
???
55.8%
???
53.6%
???
52.2%
???
51.5%
???
46.6%
???
39.1%
???
36.4%
???
35%
???
33.2%
???
30.5%
???
28.8%
???
27.9%
???
25.8%
???
22.9%
% Correct
???
19.7%
???
19.1%
???
17.6%
???
17.3%
???
17%
???
15.4%
???
15.1%
???
14.8%
???
14.7%
???
14.6%
???
13.6%
???
13.1%
???
11.8%
???
10.9%
???
10.6%
???
10.2%
???
10.1%
???
9.8%
???
9.7%
???
9.7%

You're not logged in!

Compare scores with friends on all Sporcle quizzes.
Sign Up with Email
OR
Log In

You Might Also Like...

Show Comments

Extras

Top Quizzes Today


Score Distribution

Your Account Isn't Verified!

In order to create a playlist on Sporcle, you need to verify the email address you used during registration. Go to your Sporcle Settings to finish the process.